La abolición del hombre: reflexiones sobre la educación

Guardat en:
Dades bibliogràfiques
Autor principal: Lewis, C. S (Autor)
Format: Llibre
Idioma:espanyol
Publicat: Santiago Andrés Bello 2000
Edició:1a. ed
Matèries:
Etiquetes: Afegir etiqueta
Sense etiquetes, Sigues el primer a etiquetar aquest registre!

MARC

LEADER 00000cam a2200000 a 4500
001 UCE7246
003 CL-VaPUC
008 150529e20000000cl |||||||||||||||||spa|d
020 |a 8495407434 
082 0 4 |a 142.7   |b LEW  |2 21 
100 |a Lewis, C. S  |e author  |9 328236 
245 1 3 |a La abolición del hombre: reflexiones sobre la educación 
250 |a 1a. ed 
300 |a 103 p 
942 |c BK 
945 |d 20150529 15:00:00  |a gsalatino 
260 |a Santiago  |b Andrés Bello  |c 2000 
650 0 |a Novelas inglesas  |9 265220 
583 |a last modification  |c 20150529 15:00:00  |k Rodrigo Vera 
999 |c 359347  |d 359345 
952 |0 0  |1 0  |3 erb  |4 0  |6 142_700000000000000_LEW_2000  |7 0  |8 A  |9 468506  |a BIBEDU  |b BIBEDU  |e Villagrán Garnham, Jorge  |i 5176158  |o 142.7 LEW 2000  |p 5176158  |r 2019-11-23  |w 2019-11-23  |y BK  |z Catalogado en:20150529  |k LIT